000
00261nam a2200109Ia 4500
008
201231s9999 xx 000 0 und d
100
_a
Malayala Manorama
245
0
_a
Manorama Yearbook 1998
260
_a
Kottyam
_b
Malayala Manorama
300
_a
800
942
_c
BK
999
_c
9893
_d
9893